Statistiques concernant 100 personnages de Wakfu par images

Cliquez ici pour prendre le quiz!

Statistiques générales

  • Ce quiz a été pris 403 fois
    (147 depuis la dernière actualisation)
  • Le résultat moyen est 39 sur 100

Statistiques - réponses

Réponse% Correct
Yugo
99%
Evangelyne
95%
Ruel Stroud
95%
Tristepin de Percedal
94%
Nox
92%
Adamaï
91%
Amalia Sheran Sharm
90%
Qilby
85%
Joris Jurgen
84%
Goultard
82%
Rubilax
82%
Grougaloragran
81%
Ogrest
80%
Pin
80%
Oropo
74%
Rushu
72%
Armand Sheran Sharm
71%
Az
70%
Nora
69%
Flopin
67%
Grande Déesse
67%
Kriss la Krass
65%
Alibert
63%
Cléophée
60%
Elely
60%
Echo
59%
Corbeau Noir
57%
Toross Mordal
55%
Phaéris
53%
Otomaï
52%
Toxine
52%
Kamasu-tar Junior
51%
Chibi
49%
Dark Vlad
49%
Efrim
49%
Poo
48%
Remington Smisse
48%
Boufbowler Masqué
47%
Kerubim Crépin
46%
Comte Harebourg
45%
Justice
44%
Shinonomé
42%
Roi Sadida Sheran Sharm
41%
Ush Galesh
40%
Grufon
39%
Vampyro
39%
Ombrage
38%
Balthazar
36%
Coqueline
34%
Lance Dur
33%
Meuporg
33%
Orgonax
33%
Arpagone
32%
Anathar
31%
Dathura
31%
Dragon Cochon
30%
Wa Wabbit
30%
Sipho
29%
Chêne Mou
28%
Atcham
27%
Granny Smisse
27%
Lokus
26%
Moumoune Stroud
24%
Mina
21%
Igôle
19%
Percimol
19%
Xav
18%
Miranda
17%
Maskemane
16%
Pandiego de la Vega
16%
Black Bump
15%
Luis
15%
Madagaskan
15%
Aurora
14%
Encre Noire
12%
Jason
12%
Prince Adale
12%
Rotalström
12%
Elaine
11%
Phil Harmonic
11%
Bordegann
10%
Gonar
8%
Sybannak
8%
Frida Mofette
7%
Jactance Alamogorda
7%
Lady Glagla
7%
Tendynite
7%
Tolot
7%
Alia
6%
Cassis
6%
Drill
6%
Félinor
6%
Jay
6%
Nauséa
6%
Ratafouine
6%
Mandhal
5%
Sho-Bubu
5%
Bénéji
3%
Calben
3%
Posho
3%

Distribution des résultats

Percentile par nombre de réponses

% des personnes avec chaque résultat

Votre développement - résultats

Vous n’avez pas pris ce quiz depuis la dernière actualisation